United States in 1790 Picture Click Quiz Stats

 Plays Quiz Updated Mar 22, 2016

Challenge
Share
Tweet
Score 0/30 Timer 06:00
5 Plays Today
% Correct
Hawaiian Islands
98%
North Carolina
95.5%
Virginia
93.9%
New Jersey
92.8%
Pennsylvania
91.8%
Maryland
91.4%
Massachusetts
91.1%
East Florida
90%
South Carolina
89.5%
New York
88.9%
Delaware
88.3%
West Florida
87.9%
Vermont
Republic
87.3%
Connecticut
87.2%
Rhode Island
85.2%
% Correct
Georgia
83.6%
Colony of Louisiana
79.2%
South of the Ohio River
74.2%
Unclaimed Territory
72.2%
New
Hampshire
71.2%
Viceroyalty of New Spain
70.9%
Disputed between Mass.
& New Brunswick
61%
Rupert's Land
58.9%
Disputed between
USA & West Florida
57.9%
Erie Triangle
53.7%
Russian America
50.8%
Unclaimed
Territory
48.1%
Connecticut
Western
Reserve
47.4%
Disputed between
NW Territory
& Rupert's Land
46.8%
Northwest Territory
29.9%

You're not logged in!

Compare scores with friends on all Sporcle quizzes.
Join for Free
OR
Log In

You Might Also Like...

Show Comments

Extras

Top Quizzes Today


Score Distribution

Your Account Isn't Verified!

In order to create a playlist on Sporcle, you need to verify the email address you used during registration. Go to your Sporcle Settings to finish the process.

Report this User

Report this user for behavior that violates our Community Guidelines.

Details: